000 00701nam a2200241Ia 4500
003 OSt
005 20220926033952.0
006 a|||||r|||| 00| 0
007 ta
008 220923b |||||||| |||| 00| 0 eng d
037 _cGeneral Book
040 _aRTL
_cRTL
_beng
041 _2eng
_aeng
082 _aV4.N7, L2
100 _aScalapino Robert A
245 0 _aAsia and the major powers
_b Implications for the in
260 _aWashington
_bA E I P P R
_c1972
300 _a117p
_ccm.
490 _aAmerican Enterprise Institute-Hoover, Policy Studies
650 _aAsia History
_936569
942 _hV4.N7, L2
_cGB
_2CC
999 _c658471
_d658471